• 首页
  • 本馆介绍
  • 公告通知
  • 最新文献
  • 馆藏检索
  • 电子资源
  • 读者导购
  • 参考咨询
  • 我的图书馆
  • 登录
  • 详细信息显示
  • 放入我的书架
  • 预约/预借图书
  • 作者相关作品
  • 分类相关作品
  • 丛书相关作品
  • 出版社相关作品

书目信息

  • 表格格式
  • 工作单格式
  • 卡片格式
题名:
再创世纪
    
 
作者: 丘奇 , 里吉西 著 ;周东 译
分册:  
出版信息: 北京   电子工业出版社  2017.1
页数: 24,349页
开本: 23cm
丛书名:
单 册:
中图分类: Q945.11-49
科图分类:
主题词: 生物合成--普及读物
电子资源:
ISBN: 978-7-121-30350-0
000 01333nam0 2200277 450
001 0400002271
005 20171020154104.0
010    @a978-7-121-30350-0@b精装@dCNY68.00
100    @a20170427e2017 em y0chiy0110 ea
101 1  @achi@ceng
102    @aCN@b110000
105    @aa z 000yy
106    @ar
200 1  @a再创世纪@9zai chuang shi ji@e合成生物学将如何重新创造自然和我们人类@dRegenesis@ehow synthetic biology will reinvent nature and ourselves@f(美)乔治·丘奇(George Church),(美)艾德·里吉西(Ed Regis)著@g周东译@zeng
210    @a北京@c电子工业出版社@d2017.1
215    @a24,349页@c图@d23cm
300    @a译言·东西文库
330    @a基因工程是否可能令现有微生物变得更致命?得到基因强化的超人类会不会更危险?基因组技术以及向超人类主义前进的步伐,无法被事先预计到,但是它至少是可以被人类控制的。本书为我们介绍了合成生物学的前世今生,带给我们的不仅是画布上几粗略的线条或是水晶球里模糊的一瞥,而是一份充分重视多样性和安全性的重塑自然的大胆企划书。
510 1  @aRegenesis@ehow synthetic biology will reinvent nature and ourselves@zeng
606 0  @a生物合成@j普及读物
690    @aQ945.11-49@v5
701  0 @c(美)@a丘奇@9qiu qi@c(Church, George)@4著
701  0 @c(美)@a里吉西@9li ji xi@c(Regis, Ed)@4著
702  0 @a周东@9zhou dong@4译
801  0 @aCN@b91MARC@c20171020
905    @b1026716-20@dQ945.11-49@f5@e344
    
    再创世纪:合成生物学将如何重新创造自然和我们人类=Regenesis:how synthetic biology will reinvent nature and ourselves/(美)乔治·丘奇(George Church),(美)艾德·里吉西(Ed Regis)著/周东译.-北京:电子工业出版社,2017.1
    24,349页:图;23cm
    译言·东西文库
    
    ISBN 978-7-121-30350-0(精装):CNY68.00
    基因工程是否可能令现有微生物变得更致命?得到基因强化的超人类会不会更危险?基因组技术以及向超人类主义前进的步伐,无法被事先预计到,但是它至少是可以被人类控制的。本书为我们介绍了合成生物学的前世今生,带给我们的不仅是画布上几粗略的线条或是水晶球里模糊的一瞥,而是一份充分重视多样性和安全性的重塑自然的大胆企划书。
●
相关链接 在E读中查询图书 在五车中查询图书 在当当中查询图书 在豆瓣中查询图书


正题名:再创世纪     索取号:Q945.11-49/344         预约/预借

序号 登录号 条形码 馆藏地/架位号 状态 备注
1 1026716   210267165   第二样本阅览室/ [索取号:Q945.11-49/344] 在馆    
2 1026717   210267174   密集书库-物理学院/ [索取号:Q945.11-49/344] 在馆    
3 1026718   210267183   第三借阅区/ [索取号:Q945.11-49/344] 在馆    
4 1026719   210267192   第三借阅区/ [索取号:Q945.11-49/344] 在馆    
5 1026720   210267209   第三借阅区/ [索取号:Q945.11-49/344] 在馆    
唐山师范学院图书馆 欢迎您!
大连网信软件有限公司© 版权所有